000 00496nam a2200181Ia 4500
003 GCL
008 140319s9999 xx 000 0 ara d
040 _aGCL /
_cGCL
082 0 4 _a923.1
_bط غ
100 1 _aطه فوزى
245 1 0 _aغاريبالدى محرر ايطاليا /
_cطه فوزى
300 _a208 ص
490 _a
650 0 4 _aغاريبالدى
650 0 4 _aايطاليا - الاحوال السياسية
650 0 4 _aالزعماء - تراجم
942 _2ddc
_cBK
999 _c40132
_d40132